000 006840000a22001810004500
003 MACL
005 20160604151457.0
008 160604b xxu||||| |||| 00| 0 eng d
040 _aMACL
_cMACL
041 _aHindi
082 _a920
100 _aशर्मा, राजेश
_944887
245 _aडॉ होमी जहांगीर भाभा
_bभारत के महान वैज्ञानिक
_cराजेश शर्मा
260 _bसजल पब्लिशर्स एण्‍ड डिस्‍ट्रीब्‍यूटस
_c2007
_aदिल्‍ली
350 _a100
650 _aBiography
_962432
942 _cHIN
_k920/SHA
_2ddc
999 _c10854
_d10854